Les 20 plus grandes villes de la Guadeloupe sur une carte - Statistiques

Statistiques générales
  • Ce quiz a été pris 96 fois
  • Le résultat moyen est 12 sur 20
Réponses sur la Carte
Les réponses sont colorées sur une échelle allant du rouge au vert en fonction du pourcentage des utilisateurs qui les ont devinées à leur premier essai. Vous pouvez retrouver ces pourcentages ci-dessous.
 
Statistiques - réponses
Population Initiale Ville % Correct
14 855 P Pointe-à-Pitre
88%
9 419 B Basse-Terre
85%
27 205 (Le) G Le Gosier
85%
51 760 (Les) A Les Abymes
84%
24 415 S Sainte-Anne
81%
30 943 B Baie-Mahault
75%
13 249 S Saint-François
75%
22 924 (Le) L Le Moule
63%
17 494 S Sainte-Rose
63%
17 882 C Capesterre-Belle-Eau
60%
18 437 L Lamentin
60%
15 839 M Morne-à-l'Eau
58%
24 299 P Petit-Bourg
57%
7 640 G Goyave
48%
10 432 S Saint-Claude
48%
8 206 P Petit-Canal
46%
7 519 T Trois-Rivières
45%
6 381 B Bouillante
43%
7 040 V Vieux-Habitants
39%
7 378 G Gourbeyre
31%
Aucun quiz correspondant
Distribution des résultats
% des personnes avec chaque résultat
Percentile par nombre de réponses
Votre historique - résultats
Vous n’avez pas pris ce quiz